书目信息 |
| 题名: |
历年真题精解
|
|
| 作者: | 李永新 主编 | |
| 分册: | ||
| 出版信息: | 北京 人民日报出版社 2007 |
|
| 页数: | 528页 | |
| 开本: | 25cm | |
| 丛书名: | ||
| 单 册: | ||
| 中图分类: | D630.3-44 | |
| 科图分类: | ||
| 主题词: | 政治--中国 | |
| 电子资源: | ||
| ISBN: | 7-80208-540-3 | |
| 000 | 00697nam0 2200229 450 | |
| 001 | 0836198351 | |
| 005 | 20081016100606.31 | |
| 010 | @a7-80208-540-3@dCNY48.00 | |
| 100 | @a20081016d2007 km y0chiy0120 ea | |
| 101 | 0 | @achi |
| 102 | @aCN@b110000 | |
| 200 | 1 | @a历年真题精解@Ali nian zhen ti jing jie@d=行政职业能力测验@f李永新主编@Fli yong xin zhu bian |
| 210 | @a北京@c人民日报出版社@d2007 | |
| 215 | @a528页@d25cm | |
| 300 | @a国家公务员录用考试专业教材 | |
| 300 | @a2009最新版 | |
| 510 | 1 | @a行政职业能力测验 |
| 606 | 0 | @a政治@x中国 |
| 690 | @aD630.3-44@v4 | |
| 701 | 0 | @a李永新@Ali yong xin@4主编 |
| 801 | 0 | @aCN@b大连网信软件有限公司图书馆·11@c20081016 |
| 905 | @aZUCC@dD630.3-44@e140 | |
| 历年真题精解=行政职业能力测验/李永新主编.-北京:人民日报出版社,2007 |
| 528页;25cm |
| 国家公务员录用考试专业教材.-2009最新版 |
| ISBN 7-80208-540-3:CNY48.00 |
| ● |
| 相关链接 |
|
|
|
|
正题名:历年真题精解
索取号:D630.3-44/140
 
预约/预借
| 序号 | 登录号 | 条形码 | 馆藏地/架位号 | 状态 | 备注 |
| 1 | 0626716 | 206267163 | 第一样本阅览室/ [索取号:D630.3-44/140] | 在馆 | |
| 2 | 0626717 | 206267172 | 第一借阅区/ [索取号:D630.3-44/140] | 在馆 | |
| 3 | 0626718 | 206267181 | 第一借阅区/ [索取号:D630.3-44/140] | 在馆 | |
| 4 | 0626719 | 206267190 | 第一借阅区/ [索取号:D630.3-44/140] | 在馆 |